| 000 | 00939cab a2200277 4500 | ||
|---|---|---|---|
| 001 | WB2915-20 | ||
| 008 | 090401t1993 xxu||||| |||| 00| 0 eng d | ||
| 035 | _a(Sirsi) u5889 | ||
| 041 | _aeng | ||
| 245 | _aHistoric monuments in bad repair | ||
| 260 | _c1993 | ||
| 350 | _a0 | ||
| 490 |
_aFinancial Times _v22 April 1993, 8 |
||
| 490 |
_aIndependent _v22 April 1993, 1(1) |
||
| 520 | _aEnglish Heritage is criticised in a Committee of Public Accounts report for bad management and for poor essential maintenance on 2400 properties. "Protecting and managing England`s heritage property" HMSO £11. | ||
| 650 | _aDEPARTMENT OF NATIONAL HERITAGE | ||
| 650 | _aENGLISH HERITAGE | ||
| 650 | _aHISTORIC MONUMENTS | ||
| 650 | _aLISTED BUILDINGS | ||
| 650 | _aBUILT ENVIRONMENT-BUILDING MAINTENANCE AND REFURBISHMENT | ||
| 650 | _aREPAIRS | ||
| 650 | _aSTONEHENGE | ||
| 690 | _aCONSERVATION | ||
| 942 | _n0 | ||
| 948 | _c04/03/1997 | ||
| 999 |
_c3522 _d3522 |
||